000 00582nam a2200181 a 4500
001 000043606
005 20201002044857.0
008 140327s2001 dr a 000 0 spa d
020 _z393470058
040 _aDO-SdBNP
_bspa
_cBNPHU
082 _axxx
_bxxx
100 1 _aCamilo, Luis Ernesto,
_d1968-
_971416
245 1 0 _aPasaporte en tiempo de globalización /
_cLuis Ernesto Camilo.
260 _aSanto Domingo :
_bAmigo del Hogar,
_c2001.
300 _a174 p. :
_bil., ;
_c22 cm.
500 _aIncluye datos biográficos del autor en las solapas
504 _aBibliografía : p. 173
999 _c43095
_d43095